000 00462cam a22001217a 4500
008 180718b1965 xxu||||| |||| 00| 0 eng d
082 _aA81x54 In2/61/6/Pt6/20
100 _aCensus of India 1961
245 _aJammu and Kashmir: village survey monograph of ward No. V, Katra (tehsil Reasi, district Udhampur)
260 _aDelhi
_bThe Manager of Publications
_c1965
300 _a126+p.
440 _aCensus of India 1961. Volume VI, Jammu and Kashmir. Part VI.No.20
999 _c484121
_d484121